Caracterización de la deformabilidad y resistencia de los suelos lateríticos del norte de la península de Nicoya
Kaydedildi:
| Yazar: | |
|---|---|
| Materyal Türü: | Kitap |
| Dil: | Spanish |
| Baskı/Yayın Bilgisi: |
[San José], Costa Rica
2015
|
| Konular: | |
| Etiketler: |
Etiketle
Etiket eklenmemiş, İlk siz ekleyin!
|
MARC
| LEADER | 00000nam a22000007a 4500 | ||
|---|---|---|---|
| 003 | 012127 | ||
| 005 | 20221231143905.0 | ||
| 008 | 150406b2015 cr a|||| |||| 00| 0 spa d | ||
| 040 | |c cru CEDI | ||
| 090 | |a TFG 7292 | ||
| 100 | |9 696 |a Bonilla Gutiérrez, Welder Miguel | ||
| 245 | |a Caracterización de la deformabilidad y resistencia de los suelos lateríticos del norte de la península de Nicoya | ||
| 260 | |a [San José], Costa Rica |c 2015 | ||
| 500 | |a Proyecto de graduación (licenciatura en ingeniería civil)--Universidad de Costa Rica. Facultad de Ingeniería. Escuela de Ingeniería Civil | ||
| 650 | |x SUELOS LATERITICOS |x ANALISIS |x CONSTRUCCION DE CARRETERAS |x MECANICA DE SUELOS |x PRUEBAS |x PENINSULA DE NICOYA (COSTA RICA) |9 697 | ||
| 942 | |c TFG | ||
| 999 | |c 13807 |d 13807 | ||
